|
|
|
|
| LEADER |
00000nam a22000007a 4500 |
| 005 |
2022051303103.0 |
| 007 |
cr|||| |||| |
| 008 |
220513s2021 br |||||s|||| 00||0 por d |
| 020 |
|
|
|a 978-65-5883-088-7
|
| 035 |
|
|
|a 36399
|
| 040 |
|
|
|a vLex
|
| 090 |
|
|
|c 13336
|d 13336
|
| 100 |
1 |
|
|a Amorim Junior, Clb̌er Nilson
|
| 245 |
1 |
0 |
|a Seguranȧ e sad︢e no trabalho
|h [Recurso electrn̤ico] :
|b princp̕ios norteadores /
|c Clb̌er Nilson Amorim Junior
|
| 256 |
|
|
|a Servicio en ln̕ea
|
| 260 |
|
|
|a San Pablo:
|b LTR,
|c 2021
|
| 300 |
|
|
|a 1 recurso electrn̤ico
|
| 500 |
|
|
|a A produȯ̂ ter̤ica – dogmt̀ica, cientf̕ica ou filosf̤ica, nô importa como queira se rotular a reflexô –, no campo do Direito, nô se tem ocupado de produzir uma sl̤ida doutrina acerca do Direito ̉Seguranȧ e Sad︢e no Trabalho. A sad︢e do trabalhador vem sendo debatida, principalmente, pelos profissionais da Engenharia de Seguranȧ e Medicina do Trabalho numa perspectiva estritamente tčnica destes campos do saber, faltando, assim, um aprofundamento cientf̕ico no enfoque do Direito. Este livro preenche essa lacuna na literatura jurd̕ica, ao demonstrar, de forma clara, que o Direito ̉Seguranȧ e Sad︢e no Trabalho, assim como todas as outras disciplinas jurd̕icas, tem objeto e princp̕ios prp̤rios, e, assim sendo, deve nortear os estudos e exercc̕io profissional de advogados, juz̕es, membros do ministřio pb︢lico, auditores-fiscais do trabalho, engenheiros de seguranȧ, mďicos do trabalho, ergonomistas, tčnicos de seguranȧ e de todos aqueles que se interessam pela qualidade de vida no trabalho.
|
| 506 |
1 |
|
|a Disponible solo en los productos indicados
|d vLex Global
|d vLex Global (Academic Edition, excluding Law Schools)
|d vLex Global (U.S. Academic Edition, Law Schools)
|d vLex Global (U.S. Academic Edition, excluding Law Schools)
|d vLex Global (Academic Edition, Law Schools)
|
| 650 |
0 |
4 |
|a Derecho Laboral y Seguridad Social
|z Brasil
|
| 740 |
0 |
|
|a vLex Libros (Servicio en ln̕ea)
|
| 856 |
4 |
0 |
|u https://app.vlex.com/#/sources/36399
|z Acceso restringido
|
| 942 |
|
|
|c BOOK
|
| 999 |
0 |
|
|a Labor law and social security
|